| 000 | 00703nam a22001937a 4500 | ||
|---|---|---|---|
| 005 | 20251108170950.0 | ||
| 008 | 250721s9999 xx 000 0 ara d | ||
| 082 | 1 | 4 | _aم/415/زمخ |
| 100 | 1 | _aالزمخشري، أبو القاسم محمود بن عمر | |
| 245 | 1 | 0 | _aالمفصل في علم العربية / |
| 250 | _aط2 | ||
| 264 | 1 |
_aبيروت : _bدار الجيل، _c[19-]. |
|
| 300 | _a408ص | ||
| 500 | _aبذيله كتاب المفضل في شرح أبيات المفصل للسيد محمد بدرالدين أبي فراس النعساني الحلبي | ||
| 650 | 1 | 7 | _aاللغة العربية |
| 650 | 1 | 7 | _aالنحو و الصرف |
| 942 |
_2ddc _cREF |
||
| 999 |
_c53203 _d53203 |
||